000 00297nam a22001217a 4500
082 _a030
_bVID/E
100 _aVIDYODHAYA
245 _aSCHOOL STUDENT'S ENCYCLOPEDIA
_bNEW SERIES
260 _aTRIVANDRUM
_bVIDYODHAYA PUBLICATIONS
300 _a176
650 _aGENERAL KNOWLEDGE
_zINDIA
942 _cBK
999 _c1886
_d1886